Metodika měření a hodnocení mikroklimatických a vzduchotechnických parametrů : Praha, 1997 : sborník přednášek /

Další autoři: Mathauserová, Zuzana, 1950-
Jazyk: Čeština
Vydáno: Praha : Společnost pro techniku prostředí, 1997
Témata:
Fyzický popis: 57 s. : il. ; 30 cm
Knihy
Uloženo v:
LEADER 00788nam a2200193 a 4500
001 000303144
003 CZ BrMZK
005 20041019101446.0
008 010907s1997 xr f cze d
040 |a BOA001  |b cze 
080 |a 628.8  |2 MRF 
245 0 0 |a Metodika měření a hodnocení mikroklimatických a vzduchotechnických parametrů :  |b Praha, 1997 : sborník přednášek /  |c [kolektiv autorů] ; [odborný garant: Zuzana Mathauserová] 
260 |a Praha :  |b Společnost pro techniku prostředí,  |c 1997 
300 |a 57 s. :  |b il. ;  |c 30 cm 
653 0 |a mikroklima 
700 1 |a Mathauserová, Zuzana,  |d 1950-  |7 mzk2003185115  |4 aut  |4 oth 
910 |a BOA001  |b TK-A-0263.025 
990 |a BK 
996 7 |b 2620010309  |c TK-A-0263.025  |l MZK  |r Sklad / do 24 hodin  |n 22  |p kup  |w 000303144  |u 000010  |a 1  |e BOA001  |j MZK50  |s A